| 000 | 00425nam a2200157Ia 4500 | ||
|---|---|---|---|
| 008 | 190423s9999 xx 000 0 und d | ||
| 100 | _aCoudert, Jo | ||
| 245 | _aFrom street kids to royal knights/ | ||
| 245 | _cJo Coudert | ||
| 260 | _bReader's Digest Asia | ||
| 260 | _c2019 | ||
| 300 | _aPages 92-99, January 2019 | ||
| 440 |
_aAsia Reader's Digest: Classic Reads _v115:671 |
||
| 650 | _aChess | ||
| 650 | _aEducation | ||
| 999 |
_c361494 _d361494 |
||